| 000 | 00528cam a2200193 a 4500 | ||
|---|---|---|---|
| 999 |
_c7594 _d7594 |
||
| 003 | OSt | ||
| 005 | 20200316163229.0 | ||
| 008 | 110610s2012 paua 001 0 eng | ||
| 020 | _a9781565235236 (alk. paper) | ||
| 082 | 0 | 0 |
_a736.4 _223 _bJES |
| 100 | 1 | _aJespersen, Bjarne. | |
| 245 | 1 | 0 |
_aWoodcarving magic / _cBjarne Jespersen. |
| 250 | _a1st. | ||
| 260 |
_aEast Petersburg : _bFox Chapel, _c2012. |
||
| 300 |
_a127 p. : _bcol. ill. ; _c28 cm. |
||
| 500 | _aIncludes index. | ||
| 650 | 0 |
_aWood-carving _vPatterns. |
|
| 942 | _2ddc | ||